Quiz de Culture Générale - Niveau Expert - Statistiques

Statistiques générales
  • Ce quiz a été pris 129 fois
  • Le résultat moyen est 8 sur 15
Statistiques - réponses
Question Réponse % Correct
Quel est le nom du premier satellite artificiel envoyé dans l'espace par l'Union soviétique en 1957 ? Spoutnik 1
100%
Qui a peint le tableau "La Nuit étoilée" ? Vincent van Gogh
95%
Qui a composé la symphonie "La Neuvième" ? Ludwig van Beethoven
79%
Quel est le nom du mathématicien qui a formulé le théorème de Fermat, l'un des problèmes mathématiques les plus célèbres ? Pierre de Fermat
68%
Qui a écrit le roman "Le Maître et Marguerite" ? Mikhail Boulgakov
58%
Quel est le nom du phénomène météorologique qui se produit lorsqu'une colonne de tourbillons d'air est visible en vortex au-dessus de l'eau ? Trombe marine
58%
Quelle est la distance approximative en années-lumière entre la Terre et la plus proche étoile, Proxima du Centaure ? 4,2 années-lumière
53%
Qui a découvert la pénicilline, le premier antibiotique ? Alexander Fleming
53%
Qui est l'auteur de la pièce de théâtre "En attendant Godot" ? Samuel Beckett
53%
Quelle est la plus longue rivière du monde ? L'Amazone
47%
Quel est le point le plus bas de la surface terrestre situé dans la fosse des Mariannes ? Challenger Deep
42%
Quelle est la formule chimique du dioxyde de soufre ? SO2
42%
Quelle est la première loi de Newton, également connue sous le nom de loi de l'inertie ? Un objet en mouvement reste en mouvement et un objet au repos reste au repos, à moins qu'une force extérieure ne s'applique sur lui.
26%
Quelle est la température de fusion du tungstène, le plus haut point de fusion de tous les métaux ? 6 192 °C
16%
Quelle est la formule chimique de l'acide chlorhydrique ? HCl
11%
Aucun quiz correspondant
Distribution des résultats
% des personnes avec chaque résultat
Percentile par nombre de réponses
Votre historique - résultats
Vous n’avez pas pris ce quiz